000 00821nam a2200205 a 4500
005 20180803165213.0
008 140317b2004 my ||||| |||| 00| 0 eng d
040 _aCO-BoIAVH
_cCO-BoIAVH
041 _aeng
082 1 _a 333.95
_bS44g
110 2 _bSecretariat of the Convention on Biological Diversity
_957434
245 1 _aGlobal biosafety from concepts to action
_bdecisions from the first meeting of the conference of the parties to the convention on biological diversity serving as the meeting of the parties to the Cartagena protocol on biosafety
260 _aMalaysia
_bCBD
_c2004
300 _a127 paginas.:
_bGraficos
_c21 x 13 cm
650 6 _aBiodiversidad
_992204
650 6 _arecursos biológicos
_98551
650 6 _aDiversidad genética como recurso
_957436
942 _cLIBRO
_2ddc
945 _d2005-06-24
999 _c4605
_d4605